| 000 | 01515nac a22003491i 4500 | ||
|---|---|---|---|
| 003 | EG-ScBUE | ||
| 005 | 20240815110531.0 | ||
| 008 | 100118m19951999ctua f b 001 0 eng d | ||
| 020 | _a0313290784 (17th century) | ||
| 020 | _a0313290768 (19th century) | ||
| 020 | _a0313290776 (18th century) | ||
| 020 | _a031329075X (20th century) | ||
| 040 |
_aEG-ScBUE _beng _erda _cEG-ScBUE _dEG-ScBUE |
||
| 082 | 0 | 4 |
_a909.08 _bEVE _222 |
| 245 | 0 | 0 |
_aEvents that changed the world / _cedited by Frank W. Thackeray, John E. Findling. |
| 264 | 1 |
_aWestport, Connecticut : _bGreenwood Press, _c1995-1999. |
|
| 300 |
_a4 volumes : _billustrations ; _c25 cm. |
||
| 336 |
_2rdacontent _atext _btxt |
||
| 337 |
_aunmediated _2rdamedia _bn |
||
| 338 |
_avolume _bnc _2rdacarrier |
||
| 490 | 0 | _aEvents that changed the world series | |
| 504 | _aIncludes bibliographical references and index. | ||
| 505 | 0 | _aEvents that Changed the World in the Seventeenth Century -- Events that Changed the World in the Eighteenth Century -- Events that Changed the World in the Nineteenth Century -- Events that Changed the World in the Twentieth Century. | |
| 650 | 7 |
_aHistory, Modern _y19th century. _2BUEsh _910419 |
|
| 650 | 7 |
_aHistory, Modern _y20th century. _2BUEsh _910225 |
|
| 650 | 7 |
_aHistory, Modern _y18th Century. _2BUEsh _910416 |
|
| 650 | 7 |
_aHistory, Modern _y17th century. _2BUEsh _910417 |
|
| 655 | _vReading book | ||
| 700 | 1 |
_aThackeray, Frank W., _eeditor. _910420 |
|
| 700 | 1 |
_aFindling, John E., _eeditor. _910421 |
|
| 942 |
_cBB _2ddc |
||
| 999 |
_c9503 _d9503 |
||